000 01308nam a22002777a 4500
001 8878
003 FISKH
005 20251110121222.0
008 251028b cb ||||| |||| 00| 0 eng d
040 _aFISKH
_bkhr
_cFISKH
_dFISKH
050 _aPZ7
082 _a510
100 _aKimsrun, In
245 _aសៀវភៅហ្វឹកហាត់គណិតវិទ្យាថ្នាក់ទី១ /
_cរៀបរៀងដោយ លោក​ អុិន គឹមស្រ៊ុន
260 _aភ្នំពេញ :
_bគ្រឹះស្ថានបោះពុម្ពនិងចែកផ្សាយ ,
_c២០១២ .
300 _a102 pages :
_bcolor illustrations ;
_c21 cm .
505 _a
520 _aសៀវភៅនេះបោះពុម្ពឡើងក្នុងគោលបំណងអោយសិស្សហ្វឹកហាត់អាន សរសេរ និងហាត់ធ្វើលេខ នៅពេលទំនេរ ។​
520 _aThis book is published with the purpose of helping students practice reading, writing, and number exercises during their free time.
521 8 _a
_b
650 _aចំនួនលេខ
650 _aNumbers
700 _aCheat , Ton
_eIllustrator
942 _2ddc
_cKHB
_n0
999 _c8878
_d8878